[Event "Medellin Antioquia-ch"]
[Site "Medellin"]
[Date "2023.04.24"]
[Round "4"]
[White "Builes Palacio, Santiago"]
[Black "Garcia Ramirez, Ramon"]
[Result "1-0"]
[WhiteElo "1896"]
[BlackElo "1533"]
[PlyCount "99"]
[EventDate "2023.04.18"]
[EventType "swiss"]
[EventRounds "7"]
[EventCountry "COL"]
[SourceTitle "EXT 2024"]
[Source "ChessBase"]
[SourceDate "2023.10.10"]
[SourceVersion "1"]
[SourceVersionDate "2023.10.10"]
[SourceQuality "1"]

1. f4 c5 2. Nf3 d5 3. e3 Nf6 4. Bb5+ Bd7 5. Qe2 Nc6 6. b3 e6 7. Bb2 Be7 8. d3 Rc8 9. Bxc6 Bxc6 10. Nbd2 b5 11. 0-0 0-0 12. c4 a6 13. Ne5 Bb7 14. Ndf3 Qb6 15. g4 Rfd8 16. Ng5 Rf8 17. Ngf3 Rcd8 18. g5 Ne8 19. Ng4 Nd6 20. Nf6+ Kh8 21. Nh5 Rg8 22. h4 Rdf8 23. Ne5 Qc7 24. Ng4 Ne8 25. Nh6 f6 26. Nxg8 Kxg8 27. Qg4 f5 28. Qe2 g6 29. Ng3 Qc6 30. h5 dxc4 31. dxc4 Nd6 32. hxg6 hxg6 33. Qh2 Kf7 34. Qh7+ Ke8 35. Qxg6+ Kd8 36. Rf2 Ne4 37. Rd1+ Kc8 38. Nxe4 Qxe4 39. Qh6 Qxe3 40. Be5 Qg3+ 41. Kf1 Bg2+ 42. Rxg2 Qf3+ 43. Ke1 Qe3+ 44. Kf1 Qf3+ 45. Kg1 Qxd1+ 46. Kh2 Kd7 47. g6 Qf3 48. g7 Rg8 49. Rd2+ Ke8 50. Qg6# 1-0

[Event "COL-ch U2000"]
[Site "Pereira"]
[Date "2022.02.20"]
[Round "8"]
[White "Builes Palacio, Santiago"]
[Black "Palacios Parra, Ivan"]
[Result "1-0"]
[WhiteElo "1859"]
[BlackElo "1936"]
[PlyCount "41"]
[EventDate "2022.02.16"]
[EventType "swiss"]
[EventRounds "9"]
[EventCountry "COL"]
[SourceTitle "CBM 207 Extra"]
[Source "ChessBase"]
[SourceDate "2022.05.31"]
[SourceVersion "1"]
[SourceVersionDate "2022.05.31"]
[SourceQuality "1"]

1. e4 e5 2. Bc4 c6 3. d4 Nf6 4. dxe5 Qa5+ 5. Bd2 Qxe5 6. Nc3 Nxe4 7. Qe2 d5 8. Nf3 Qe7 9. Nxe4 Qxe4 10. Qxe4+ dxe4 11. Ng5 f5 12. Nf7 b5 13. Bb3 Rg8 14. 0-0-0 a5 15. Ne5 Bd6 16. Bg5 Be7 17. Bxe7 Kxe7 18. Bxg8 Kf6 19. Rd8 Bb7 20. Rxb8 Kxe5 21. Rxa8 1-0

[Event "COL-ch Amateurs U2000"]
[Site "Bogota"]
[Date "2021.06.26"]
[Round "5"]
[White "Ruiz Jaraba, Valentina Sofia"]
[Black "Builes Palacio, Santiago"]
[Result "1-0"]
[WhiteElo "1656"]
[BlackElo "1928"]
[PlyCount "129"]
[EventDate "2021.06.23"]
[EventType "swiss"]
[EventRounds "7"]
[EventCountry "COL"]
[SourceTitle "CBM 203 Extra"]
[Source "ChessBase"]
[SourceDate "2021.09.30"]
[SourceVersion "1"]
[SourceVersionDate "2021.09.30"]
[SourceQuality "1"]

1. e4 c5 2. Nf3 Nc6 3. c3 Nf6 4. Bd3 d5 5. e5 Nd7 6. Qe2 e6 7. 0-0 g6 8. Bb5 Bg7 9. d4 0-0 10. Re1 cxd4 11. cxd4 Nb6 12. Nc3 Bd7 13. Bf4 Nb4 14. a3 Bxb5 15. Nxb5 Nc6 16. Nd6 Qd7 17. b4 Nc8 18. Nxc8 Rfxc8 19. Qd2 Rc7 20. Bg5 Rac8 21. Bf6 Ne7 22. Qf4 h6 23. Bxg7 Kxg7 24. Qf6+ Kg8 25. g4 Rc3 26. Re3 Qe8 27. Rae1 Kh7 28. Qh4 Ng8 29. Ng5+ Kg7 30. Nh3 Qa4 31. Qg3 Qxa3 32. b5 Qb4 33. Rd1 Rxe3 34. fxe3 Qxb5 35. Rf1 a5 36. Nf4 Rc7 37. h4 a4 38. Qe1 a3 39. Rf2 Qb3 40. Qe2 Rc3 41. Ng2 b5 42. Kh2 Qb1 43. Qd2 b4 44. Qe2 b3 45. Qa6 Qc1 46. Qb7 Rc7 47. Qxb3 Ne7 48. Ra2 Rc3 49. Qa4 Nc6 50. Rf2 Rc4 51. Qa6 Nd8 52. Qb6 Rc7 53. Qb3 Qc3 54. Qd1 Nb7 55. Qf3 Na5 56. g5 h5 57. Qf6+ Kh7 58. Qd8 Qc6 59. Qf8 Nc4 60. Rxf7+ Rxf7 61. Qxf7+ Kh8 62. Nf4 Nxe5 63. dxe5 Qc2+ 64. Kg3 a2 65. Nxe6 1-0

[Event "Medellin Antioquia 2nd League"]
[Site "Medellin"]
[Date "2021.??.??"]
[Round "6"]
[White "Builes Palacio, Santiago"]
[Black "Duque Munera, Emanuel"]
[Result "1-0"]
[WhiteElo "1891"]
[BlackElo "1523"]
[PlyCount "31"]
[EventDate "2021.08.31"]
[EventType "swiss"]
[EventRounds "7"]
[EventCountry "COL"]
[SourceTitle "CBM 204 Extra"]
[Source "ChessBase"]
[SourceDate "2021.11.30"]
[SourceVersion "1"]
[SourceVersionDate "2021.11.30"]
[SourceQuality "1"]

1. f4 d5 2. Nf3 e6 3. d4 Nf6 4. Nc3 Nc6 5. Ne5 Nxe5 6. fxe5 Ng4 7. h3 Nh6 8. Bxh6 gxh6 9. e3 Bg7 10. Qf3 Bd7 11. 0-0-0 c6 12. g4 0-0 13. Bd3 Qe7 14. e4 dxe4 15. Qxe4 f5 16. exf6 1-0

[Event "COL-chB U2000"]
[Site "Antioquia"]
[Date "2018.12.06"]
[Round "1"]
[White "Builes Palacio, Santiago"]
[Black "Lopez Idarraga, Daniel Eduardo"]
[Result "1/2-1/2"]
[WhiteElo "1890"]
[BlackElo "1988"]
[PlyCount "31"]
[EventDate "2018.12.06"]
[EventType "swiss"]
[EventRounds "7"]
[EventCountry "COL"]
[SourceTitle "CBM 190 Extra"]
[Source "ChessBase"]
[SourceDate "2019.07.15"]
[SourceVersion "1"]
[SourceVersionDate "2019.07.15"]
[SourceQuality "1"]

1. e4 c5 2. Nf3 g6 3. d4 cxd4 4. Nxd4 Bg7 5. Nc3 Nc6 6. Be3 Nf6 7. Bc4 0-0 8. f3 Qb6 9. Bb3 Nxe4 10. Nd5 Qa5+ 11. c3 Nc5 12. Nxc6 dxc6 13. Nxe7+ Kh8 14. Nxc8 Raxc8 15. 0-0 Rcd8 16. Qc2 1/2-1/2

[Event "Medellin Amateur op"]
[Site "Medellin"]
[Date "2011.04.22"]
[Round "4.19"]
[White "Builes Palacio, Santiago"]
[Black "Gil Restrepo, Gustavo Adolfo"]
[Result "1/2-1/2"]
[WhiteElo "1710"]
[BlackElo "1607"]
[PlyCount "50"]
[EventDate "2011.04.20"]
[EventType "swiss"]
[EventRounds "9"]
[EventCountry "COL"]
[SourceTitle "EXT 2024"]
[Source "ChessBase"]
[SourceDate "2023.10.10"]
[SourceVersion "1"]
[SourceVersionDate "2023.10.10"]
[SourceQuality "1"]

1. e4 e5 2. Nf3 Nc6 3. Bb5 a6 4. Bxc6 dxc6 5. d4 exd4 6. Qxd4 Qxd4 7. Nxd4 Bc5 8. Be3 Nf6 9. f3 0-0 10. 0-0 Re8 11. Re1 Bd7 12. Nb3 Bxe3+ 13. Rxe3 Rad8 14. Nc3 Nd5 15. Rd3 Nxc3 16. bxc3 Bc8 17. Rad1 Rxd3 18. cxd3 Kf8 19. f4 Ke7 20. Kf2 Kf6 21. Ke3 g5 22. Rd2 g4 23. Na5 c5 24. Nc4 b5 25. Ne5 Kg7 1/2-1/2

[Event "Antioquia Region-ch C"]
[Site "Medellin"]
[Date "2011.??.??"]
[Round "6.7"]
[White "Builes Palacio, Santiago"]
[Black "Zuluaga, Fernando"]
[Result "1/2-1/2"]
[WhiteElo "1710"]
[BlackElo "1642"]
[PlyCount "61"]
[EventDate "2011.03.03"]
[EventType "swiss"]
[EventRounds "7"]
[EventCountry "COL"]
[SourceTitle "EXT 2024"]
[Source "ChessBase"]
[SourceDate "2023.10.10"]
[SourceVersion "1"]
[SourceVersionDate "2023.10.10"]
[SourceQuality "1"]

1. e4 e5 2. Nf3 Nc6 3. Bb5 Bc5 4. 0-0 Nge7 5. Nxe5 Nxe5 6. d4 a6 7. Ba4 b5 8. Bb3 Bxd4 9. Qxd4 d6 10. c3 0-0 11. Nd2 Be6 12. Bc2 f5 13. f4 N5c6 14. Qe3 fxe4 15. Nxe4 Bf5 16. Bb3+ Kh8 17. Ng5 Qe8 18. Ne6 Bxe6 19. Qxe6 Rf6 20. Qe4 Qg6 21. Qxg6 Nxg6 22. Bd2 Raf8 23. Rae1 h6 24. g3 Nce7 25. Bc2 h5 26. Re4 d5 27. Re2 h4 28. Rfe1 hxg3 29. hxg3 Nf5 30. Kg2 Kg8 31. Re8 1/2-1/2